[Event "SVK-chT2D 0809"]
[Site "Slovakia"]
[Date "2008.11.09"]
[Round "4.2"]
[White "Milder, Ladislav"]
[Black "Butala, Stefan"]
[Result "1/2-1/2"]
[WhiteElo "2059"]
[BlackElo "1971"]
[PlyCount "80"]
[EventDate "2008.10.11"]
[EventType "team-tourn"]
[EventRounds "11"]
[EventCountry "SVK"]
[SourceTitle "EXT 2010"]
[Source "ChessBase"]
[SourceDate "2010.11.25"]
[SourceVersion "1"]
[SourceVersionDate "2010.11.25"]
[SourceQuality "1"]
[WhiteTeam "Kosice Slavia UPJS III"]
[BlackTeam "Velke Kapusany Energetik"]
[WhiteTeamCountry "SVK"]
[BlackTeamCountry "SVK"]

1. e4 c5 2. Nf3 e6 3. Nc3 a6 4. d4 cxd4 5. Nxd4 b5 6. Be2 Bb7 7. Bf3 Bc5 8. Be3 Qc7 9. 0-0 Ne7 10. Qd3 Ng6 11. Ncxb5 axb5 12. Nxb5 Qc8 13. Bxc5 Qxc5 14. Nd6+ Ke7 15. Nxb7 Qb6 16. Qd6+ Qxd6 17. Nxd6 Ne5 18. Nb5 Nxf3+ 19. gxf3 Nc6 20. c3 Ra5 21. a4 Rha8 22. b3 g5 23. Rad1 Rg8 24. h3 h5 25. Kg2 Ne5 26. Nd4 Ng6 27. Ne2 f5 28. Rd3 Ne5 29. Rdd1 Ng6 30. Nd4 Nh4+ 31. Kh1 f4 32. Rd3 Ng6 33. c4 d6 34. Rc3 Rc5 35. Rd1 Ne5 36. Rdc1 Rb8 37. Nb5 g4 38. fxg4 hxg4 39. hxg4 Rh8+ 40. Kg1 f3 1/2-1/2

[Event "SVK-chT2D 0809"]
[Site "Slovakia"]
[Date "2008.10.11"]
[Round "1.3"]
[White "Butala, Stefan"]
[Black "Adzima, Miroslav"]
[Result "0-1"]
[WhiteElo "1971"]
[BlackElo "2041"]
[PlyCount "100"]
[EventDate "2008.10.11"]
[EventType "team-tourn"]
[EventRounds "11"]
[EventCountry "SVK"]
[SourceTitle "EXT 2010"]
[Source "ChessBase"]
[SourceDate "2010.11.25"]
[SourceVersion "1"]
[SourceVersionDate "2010.11.25"]
[SourceQuality "1"]
[WhiteTeam "Velke Kapusany Energetik"]
[BlackTeam "Presov Prvy Sk"]
[WhiteTeamCountry "SVK"]
[BlackTeamCountry "SVK"]

1. d4 Nf6 2. Nf3 g6 3. Bf4 Bg7 4. e3 0-0 5. Be2 c5 6. Nbd2 cxd4 7. exd4 d5 8. h3 Nc6 9. c3 Bf5 10. 0-0 Rc8 11. Re1 Qb6 12. Nb3 Rfe8 13. Bd3 Bxd3 14. Qxd3 Ne4 15. Rab1 e6 16. Re2 a5 17. Nbd2 Nxd2 18. Qxd2 a4 19. Bh6 Qd8 20. Bxg7 Kxg7 21. Qd3 Ra8 22. Qb5 Qd7 23. Qd3 Reb8 24. a3 Ra6 25. Qe3 Qc7 26. Qg5 h6 27. Qe3 Rba8 28. Qd3 Rb6 29. Rc1 Ra5 30. Rcc2 Rab5 31. g3 Na5 32. Ne5 Nc4 33. Ng4 h5 34. Ne5 Nxb2 35. Qf3 Nc4 36. g4 hxg4 37. Nxg4 Qd8 38. Qf4 Qh4 39. Kg2 Rc6 40. Qb8 Rb1 41. Qe8 Ra6 42. Qd7 Rbb6 43. f4 Ra8 44. Qc7 Qd8 45. Qxd8 Rxd8 46. Ra2 Rb3 47. Rec2 f5 48. Ne5 Ne3+ 49. Kf3 Nxc2 50. Rxc2 Rc8 0-1